| 000 | 00798nam a22001937a 4500 | ||
|---|---|---|---|
| 005 | 20170531162550.0 | ||
| 020 |
_a9789386394149 _c2100.00 |
||
| 035 | _aB-666065 | ||
| 037 |
_adpl _bVariety/Ven |
||
| 082 | _a346.54066 | ||
| 100 | _a- | ||
| 245 |
_aTaxmann's company law manual : _ba compendium of companies act 2013 along with relevant rules & forms |
||
| 250 | _a6th ed | ||
| 260 |
_aNew Delhi _bTaxmann Publications _c2017 |
||
| 270 |
_a59/32,New Rohtak Road, _bNew Delhi _e110005 _k+91-11-45562222 _l- _m- |
||
| 300 |
_avarious pagings _c25cm(pbk) |
||
| 942 |
_2ddc _cEN _mCOM _h346.54066 |
||
| 999 |
_c140642 _d140642 |
||